Recuerdos para Merceditas /

En su casa de Francia, el general San Martín, ya anciano, vive bajo el amoroso cuidado de su hija. Mientras charlan, el Libertador le cuenta sucesos y anécdotas ocurridos durante su lucha por la libertad de los pueblos sudamericanos. Relatos que quedarán en el recuerdo de Merceditas y en la memoria...

Descripción completa

Guardado en:
Autor Principal: Sevilla, Fabián.
Otros Autores: Borlasca, Héctor ; il.
Formato: Libro
Idioma:Undetermined
Publicado: Madrid : SM, 2017.
Series:El barco de vapor. Naranja ; 46
Materias:
Etiquetas: Agregar Etiqueta
Sin Etiquetas, Sea el primero en etiquetar este registro!
LEADER 01068nam a22002415a 4500
001 CEM.cems019774
008 221018s2017####sp############000#0#und#d
005 20221107085532.0
245 1 0 |a Recuerdos para Merceditas /  |c Fabián Sevilla; ilustrado de Héctor Borlasca. 
260 |a Madrid :  |b SM,  |c 2017. 
300 |a 88 p. ;  |c 20 cm. 
490 1 |a El barco de vapor. Naranja ;  |v 46 
520 |a En su casa de Francia, el general San Martín, ya anciano, vive bajo el amoroso cuidado de su hija. Mientras charlan, el Libertador le cuenta sucesos y anécdotas ocurridos durante su lucha por la libertad de los pueblos sudamericanos. Relatos que quedarán en el recuerdo de Merceditas y en la memoria de todos los argentinos. 
020 |a 9789877313987 
100 1 |a Sevilla, Fabián. 
700 1 |a Borlasca, Héctor ; il. 
082 0 4 |a A863.4 
653 |a Literatura Infantil 
653 |a Literatura Juvenil 
653 |a Máximas Merceditas 
653 |a José de San Martín 
653 |a Novelas 
859 |a CEMS  |b BIB. CEMS - Inicial y Primaria  |h A863.4  |i Se84  |k IP  |p 6101  |t Ej.1